000 00201nam a2200085 4500
001 1258554
005 20260312191238.0
245 _aÇAĞLAYANLAR
_cAHMET MİTHAT MÜFTÜOĞLU
260 _bAKVARYUM YAYINLARI
999 _c1258554
_d1258554